| 000 | 00503nam a2200181Ia 4500 | ||
|---|---|---|---|
| 005 | 20250508160507.0 | ||
| 008 | 008 250505s9999 xx 000 0 eng d | ||
| 037 | _aTextual | ||
| 040 |
_aFEDL _beng _cFEDL |
||
| 041 |
_aeng _2eng |
||
| 084 |
_a540, SAC _qFEDL |
||
| 100 |
_aSackheim George I _9768630 |
||
| 245 | 0 | _aChemistry for the health science | |
| 260 |
_aNew York, USA _bThe Macmillan Company _c1969 |
||
| 300 | _a471p. | ||
| 942 |
_cTEXL _h540, SAC |
||
| 999 |
_c1364960 _d1364960 |
||